Dr. František Krátký: Hodnota a skutečnost humoru

Bibliographic Details
Main Author: Butvin, Jozef, 1918-1991 (Author)
Format: Article
Language:Slovak

MARC

LEADER 00000nab a2200000uu 4500
001 vtls011520667
003 SK-MaSNL
005 20260303181421.0
008 230704|1948 xo |||||||||||||||||slo|
015 |a SNBRB 
035 |a (urnnbn)urn:nbn:sk:snk:ar-0021jg 
035 |a (uuid)b9d324d2-b0b6-4a22-9854-a524c0cc3967 
035 |a urn:nbn:sk:snk-abe936 
040 |a SNKBUCL  |b slo  |c SNKBUCL  |e AACR2 
041 0 |a slo 
044 |a xo  |c SK 
100 1 |a Butvin, Jozef,  |d 1918-1991  |4 aut  |9 105316 
245 1 0 |a Dr. František Krátký: Hodnota a skutečnost humoru  |c J. Butvin 
773 0 |t Slovenské pohľady  |g Roč. 64, č. 2 - 3 (1948), s. 179-182 
850 |a Slovenská národná knižnica 
852 |a Slovenská národná knižnica 
954 |a odborná, vedecká literatúra pôvodná (slovenská)  |2 lita 
958 |a OND 
958 |a EUIPO 
958 |a article21 
999 |c 2111913  |d 2113843